Obálky, až keď odídu páni od tlače : prezident VSŽ a.s. ocenil vytrvalcov Obalservisu

Podrobná bibliografia
Hlavný autor: (Author)
Médium: Článok
Jazyk:Slovak
Témy:
Zdroj: 1. Košický večer 1. Roč. 12(33), č. 216(2001), dát. 1108, s. 15
LEADER 00841nab#a2200301#ar4500
001 000027855
003 SVKKK
005 00000000000000.0
008 c xo e sloo
FMT
038 |a SVKKK 
040 |a SVKKK  |b slo  |e AACR2 
041 0 |a slo 
044 |a xo  |c SK 
080 |a 796.422.1  |2 1981 
100 0 |a dš  |4 aut 
245 1 0 |a Obálky, až keď odídu páni od tlače :  |b prezident VSŽ a.s. ocenil vytrvalcov Obalservisu  |c dš , 
300 |b Fotogr. 
500 |a Názov správne: "Obálky ... tlače" 
650 0 4 |a Obalservis, Košice  |z VSŽ, a.s., Košice  |x spolupráca  |x perspektívy  |x riporty 
773 0 |t Košický večer  |g Roč. 12(33), č. 216(2001), dát. 1108, s. 15 
957 |a Košice 
958 |a KE 
974 |d 030206  |a Čr 
992 |a RBX 
BAS
852 |a SVKKK  |b BIB 
998 |a REG